[Event "EU-Cup 15th Gr6"]
[Site "Budapest"]
[Date "1999.10.12"]
[Round "2"]
[White "Finkel, Alexander"]
[Black "Kuzmin, Gennadi P"]
[Result "1-0"]
[WhiteElo "2476"]
[BlackElo "2518"]
[Annotator "Finkel,A"]
[PlyCount "81"]
[EventDate "1999.10.11"]
[EventType "team-k.o."]
[EventRounds "3"]
[EventCountry "HUN"]
[SourceTitle "EXT 2020"]
[Source "ChessBase"]
[SourceDate "2019.10.17"]
[SourceVersion "1"]
[SourceVersionDate "2019.10.17"]
[SourceQuality "1"]
[WhiteTeam "Petah-Tikva Elitzur"]
[BlackTeam "Alchevsk Garant-Donbass"]
[WhiteTeamCountry "ISR"]
[BlackTeamCountry "UKR"]

1. e4 e5 2. Nf3 Nc6 3. Nc3 Nf6 4. g3 g6 (4... Nd4 $5 5. Bg2 Nxf3+ 6. Qxf3 Bc5
7. d3 h6 8. h3 a6 9. g4 b5 10. Qg3 Qe7 11. f4 d6 $13 {Polgar,S-Flear,G/
Bordeaux mf 1997}) 5. d4 (5. Bg2 Bg7 6. O-O O-O 7. h3 d6 8. d3 h6 9. Be3 Be6
10. d4 exd4 11. Nxd4 Bd7 12. f4 $14 {Cosma,E-Vajda,S/ROM-chW 1994}) 5... exd4
6. Nxd4 Bg7 7. Be3 (7. Nde2 d6 (7... O-O 8. Bg2 d6 9. h3 Re8 10. O-O Bd7 11. f4
a5 12. g4 $14 {Hector,J-Hartman,C/Isle of Man op 1996}) 8. Bg2 Bg4 $6 9. h3 Be6
10. Bg5 Qd7 11. Qd2 Ne5 12. b3 h6 13. Be3 $14 {Gelman,A-Yandemirov,V/Petrov
mem 1998}) 7... O-O 8. Bg2 d6 9. h3 Nd7 $5 {Intresting move,typical for
Kuzmin's advanterous style.} (9... Nxd4 10. Bxd4 c5 (10... Bd7 11. O-O Bc6 12.
Qd3 a5 13. Rad1 Re8 14. Rfe1 Nd7 15. f4 $14 {Vogt,L-Brandenburg,H/BL9596 1996})
11. Be3 Qe7 12. O-O Rd8 13. Qd3 Bd7 14. Rad1 $14 {Diekers,M-Reich,T/Pyramiden
Franken Cup 1998}) (9... Re8 10. O-O Bd7 11. Nxc6 (11. Re1 Nxd4 (11... a6 12.
a4 Ne5 13. Kh2 c5 14. Nde2 Bc6 $132 {Schaefer,A-Werner,V/Dresden-W 1996}) 12.
Bxd4 Bc6 13. b4 Qd7 14. a4 a6 15. Qd3 b6 16. Rad1 Bb7 $13 {Moskalenko,
V-Margolin,B/Moscow4 1995}) (11. Nde2 b5 (11... Qc8 12. g4 h5 13. g5 Nh7 14.
Kh2 f6 15. gxf6 Nxf6 16. f4 Kh7 $2 17. Ng1 $1 {[%cal Gg1f3,Gf3g5]} Kh8 18. Qe1
$1 $36 {[%cal Ge1g3] Maryasin,B-Peker,O/Czerniak-mem/1996/}) (11... Ne5 12. b3
b5 13. Rc1 Qc8 14. Kh2 Nc6 15. f3 Qa6 16. a4 b4 17. Nb5 Qb7 $132 {Pospelov,
E-Avrukh,B/Kurgan/1994/}) 12. a3 a5 13. Nf4 (13. g4 b4 14. axb4 axb4 15. Rxa8
Qxa8 16. Nd5 Nxd5 17. exd5 Ne5 18. b3 c5 19. Ng3 Qc8 20. Ne4 Qb8 $14 {Gelfand,
B-Adams,M/Madrid 1996/CBM 53/1/2-1/2 (64)}) (13. Nd4 b4 14. e5 $1 $36 {Sadler,
M-Nevednichy,V/Erevan olm 1996/EXT}) 13... Rb8 14. f3 b4 (14... Ne5 15. Bf2 Nc4
16. b3 Nb6 17. Qd2 b4 18. axb4 axb4 19. Nce2 d5 $132 {Magem Badals,J-Calvo,J/
ESP-chT/1995/}) 15. axb4 axb4 16. Nce2 Ne5 17. Nd3 Nc4 18. Bd4 c5 19. Bf2 Bc6
$13 {Gabriel,C-Hickl,J/Bad Homburg 1997 black should be quite satisfiede with
the opening result, all his pieces are in the game, he has really only one
weakness the d6 pawn but that's not terrible, the position is round about
equal.}) 11... Bxc6 12. Qd3 b5 13. Bd4 b4 14. Nd5 Rb8 15. Rfe1 a5 16. c4 $14 {
Hansen,S-Aagaard,J/DEN-ch 1993}) (9... Ne5 10. Qe2 c5 11. Nb3 Be6 12. O-O-O Qb6
13. f4 Nc4 14. Bf2 Qb4 $132 {[%cal Gf6h5,Gc4b2] Roeder,G-Mueller,W/Bad
Woerishofen op 1993}) 10. f4 $5 {An attempt to take advantage of black's last
move,but probably too optimistic decision.} (10. O-O Nde5 11. b3 Nxd4 12. Bxd4
c5 13. Be3 Nc4 14. bxc4 Bxc3 15. Rb1 $14) 10... Nb6 11. b3 $8 d5 ({During the
game I was more concerned about} 11... f5 $5 {with mutual chances.}) 12. O-O
Re8 $6 {Inaccuracy after which black faces some difficulties.Better was} (12...
dxe4 $1 13. Nxc6 Qxd1 (13... bxc6 14. Nxe4 Bxa1 15. Qxa1 Nd5 16. Bd4 $16) 14.
Raxd1 Bxc3 15. Ne7+ Kg7 16. Nxc8 Raxc8 17. Bxe4 Rfe8 18. Bxb6 cxb6 19. Bxb7 $14
{and despite the fatc that white is a pawn up the position seems to be about
equal.}) 13. Nxc6 bxc6 14. Bd4 dxe4 (14... Bf8 $5) (14... Bxd4+ 15. Qxd4 dxe4
16. Qxd8 Rxd8 17. Nxe4 f5 18. Nc5 $14) 15. Bxg7 Qxd1 16. Rfxd1 $1 {It's
important to take with this rook.} (16. Raxd1 Kxg7 17. Bxe4 (17. Nxe4 Bxh3 $1
18. Bxh3 Rxe4 19. Bg2 Re6 $15) 17... Bxh3 18. Bxc6 Bxf1 19. Kxf1 Re3 20. Ne4 f5
$11) 16... Kxg7 17. Bxe4 Bxh3 $6 {Black doesn't want to defend passively,but
after the move in the game his position deteriorates very quickly.} (17... Re6
$14) 18. Bxc6 Re3 19. Bxa8 Rxc3 (19... Rxg3+ 20. Kf2 (20. Kh2 Rxc3 21. Be4 (21.
Rd3 Rxc2+ 22. Kxh3 Nxa8 23. Rdd1 $5 $14) 21... Bg4 22. Rd8 $16) 20... Rxc3 21.
Be4 f5 22. Bd3 Bg4 23. Re1 Nd5 $14) 20. Be4 Bg4 21. Rd8 (21. Rd4) 21... Rxg3+
22. Kf2 Rc3 23. Rg1 Nd7 $1 24. Bd3 $1 (24. Rxg4 Nf6 25. Bf5 Nxg4+ 26. Bxg4
Rxc2+ 27. Ke3 Rxa2 28. Rd7 $16) 24... Nf6 25. Rd4 $1 $18 {[%cal Gd4c4] Without
the rooks black is helpless.} h5 26. Rc4 Rxc4 27. Bxc4 (27. bxc4 $5 {[%csl Ra7,
Rc7][%cal Gg1b1,Gb1b7]}) 27... h4 28. Rh1 Ne4+ 29. Kg1 g5 30. fxg5 h3 31. Kh2
Nxg5 32. Bd5 Bd7 33. Rf1 {[%cal Gf1f4,Gf4a4,Ga4a6]} c6 34. Bh1 f5 35. Rf4 Kf6
36. Ra4 Ke5 37. Rxa7 Kd6 38. Ra4 c5 39. Rh4 Ke5 40. a4 f4 41. Bb7 $1 1-0

[Event "EU-ch 6th"]
[Site "Warsaw"]
[Date "2005.06.20"]
[Round "3"]
[White "Dreev, Alexey"]
[Black "Minasian, Artashes"]
[Result "1-0"]
[WhiteElo "2705"]
[BlackElo "2597"]
[Annotator "Finkel,A"]
[PlyCount "49"]
[EventDate "2005.06.18"]
[EventType "swiss"]
[EventRounds "13"]
[EventCountry "POL"]
[SourceTitle "CBM 108"]
[Source "ChessBase"]
[SourceDate "2005.09.26"]
[SourceVersion "1"]
[SourceVersionDate "2005.09.26"]
[SourceQuality "1"]

1. d4 d6 2. e4 Nf6 3. Nc3 g6 4. Bg5 Bg7 5. f4 c6 6. Nf3 Qb6 $6 {Minasian is
famous for his advanturouse approach to the opening play, but it's hardly a
good choice against aplayer of Dreev's caliber.} 7. Qd2 (7. b3 Bg4 8. Qd2 d5 9.
Bxf6 exf6 10. exd5 O-O 11. Be2 Rd8 12. h3 Bxf3 13. Bxf3 f5 14. Rd1 $16 {
Ravinsky,G-Shamkovich,L/Leningrad 1957}) (7. Rb1 Bg4 8. Be2 $2 Nh5 $1 9. e5 f6
10. exf6 exf6 11. Bh4 Nxf4 12. Bg3 Bh6 $17 {Burgos,C-Valdes,L/Mexiko 1997})
7... Qxb2 (7... Na6 8. e5 Nd5 9. Nxd5 cxd5 10. c3 dxe5 11. fxe5 Bf5 12. Be2 Be4
13. O-O $16 {McLaughlin,K-Marshall,I/England 1997}) 8. Rb1 Qa3 9. Bd3 Qa5 {
Black can't aford himself to castle right away since the pawn on e7 is hanging,
so he has to waste 2 more tempi to bring the queen back to c7.} (9... O-O 10.
e5 dxe5 (10... Re8 $2 11. O-O Nd5 12. Nxd5 cxd5 13. Rb3 Qxa2 14. Qc3 $18 {
[%csl Ra2]}) 11. fxe5 Nd5 12. Rb3 (12. Nxd5 cxd5 13. Rb3 Qxa2 14. O-O Nc6 15.
Rbb1 Qa5 $132) 12... Qa5 13. Nxd5 Qxd5 14. Bxe7 Re8 15. Bh4 f6 16. O-O $36) 10.
O-O Qc7 (10... O-O $2 11. e5 dxe5 12. fxe5 Nd5 13. Nxd5 Qxd5 14. Bxe7 Re8 15.
c4 Qe6 16. Bd6 $18) 11. e5 Nd5 12. Ne4 {[%cal Gc2c4]} f5 (12... f6 13. Bh4) 13.
Bxe7 $1 {Keeping black king in the center.} Nxe7 (13... fxe4 14. Bxd6 e3 (14...
Qd8 15. Bxe4 Ne7 16. Ng5 O-O 17. Qb4 $18 {[%cal Gb4b3]}) 15. Qe1 Qd8 16. Ng5 $1
$40 {[%csl Gf4][%cal Gg5e4,Gc2c4]}) 14. Nxd6+ Kf8 15. Ng5 b6 (15... h6 $2 16.
Rxb7 $1 $18 {[%cal Gg5e6]}) 16. Qb4 h6 (16... Nd5 17. Qb3 (17. Nxc8+ Kg8 (17...
Nxb4 18. Ne6+ Kf7 19. Nxc7 Nxd3 20. Nd6+ Ke7 21. cxd3 $18) 18. Qd6 (18. Bc4 $6
Qxc8 19. Qe7 Qd7 $13) 18... Qxc8 19. c4 Bf8 20. Qe6+ Qxe6 21. Nxe6 Nb4 $132)
17... Qd7 (17... h6) 18. Bc4 $16) 17. Qb3 Nd5 18. Ngf7 Be6 (18... Rh7 19. Nxc8
Qxf7 (19... Qxc8 20. Nd6 Qd7 (20... Qe6 $2 21. g4 $18 {[%csl Re6]})) 20. Nd6
Qd7 21. g4 Ne3 22. gxf5 Nxf5 23. Bxf5 gxf5 24. Kh1 $1 $16 {[%cal Gf1g1,Gg1g6,
Gb1g1]}) 19. Nxh8 Bxh8 20. c4 Ne7 21. g4 $1 $18 Nd7 (21... fxg4 22. Qc2 Nf5 23.
Nxf5 gxf5 24. Bxf5 $18) 22. Qa3 $1 {[%cal Ga3f8]} c5 (22... fxg4 23. f5 gxf5
24. Bxf5 Bxf5 25. Nxf5 c5 26. Qe3 Nxf5 27. Qxh6+ $18) 23. d5 Nxd5 24. cxd5 Bxd5
25. Rbd1 1-0

[Event "EU-Cup 21st"]
[Site "Saint Vincent"]
[Date "2005.09.19"]
[Round "2.1"]
[White "Aronian, Levon"]
[Black "Shchekachev, Andrei"]
[Result "1-0"]
[WhiteElo "2724"]
[BlackElo "2570"]
[Annotator "Finkel,A"]
[PlyCount "57"]
[EventDate "2005.09.18"]
[EventType "team-swiss"]
[EventRounds "7"]
[EventCountry "ITA"]
[SourceTitle "CBM 110"]
[Source "ChessBase"]
[SourceDate "2006.01.31"]
[SourceVersion "1"]
[SourceVersionDate "2006.01.31"]
[SourceQuality "1"]
[WhiteTeam "Tomsk 400"]
[BlackTeam "Schwarzach"]
[WhiteTeamCountry "RUS"]
[BlackTeamCountry "AUT"]

1. d4 d6 2. Nf3 g6 3. e4 Nf6 4. Bd3 Bg7 5. O-O O-O 6. c3 c5 7. h3 d5 $6 {
Despite of the fact that this move was used by such a strong players as
Morozevich and Tkachiev I find it hard to believe Black can fight for equality
by losing a tempo in the opening!} 8. e5 Ne4 9. Re1 cxd4 {Appearantly Black
wanted to avoid 10.dxc5, which seems to be very promising for White, but after
a preliminary capture on d4 White may develop a knight to c3.} (9... Bf5 10.
dxc5 (10. Nh4 cxd4 (10... Be6 11. f3 Ng3 12. Kh2 Nf5 13. Nxf5 Bxf5 14. Bxf5
gxf5 15. dxc5 Qc7 16. f4 Qxc5 17. Be3 Qc6 18. Nd2 $14 {Karjakin,S-Kuzubov,Y/
Kramatorsk 2002}) 11. Nxf5 gxf5 12. cxd4 Qb6 13. Bxe4 dxe4 14. Nc3 Nc6 15. Qh5
Nxd4 16. Be3 $44 {De la Riva Aguado,O-Morozevich,A/Pamplona 1998}) 10... Nd7
11. Bf4 Ndxc5 12. Bf1 Qb6 13. Re2 Rad8 14. Na3 Bd7 15. Be3 Ba4 16. Qc1 Qc7 17.
Re1 $14 {Adams,M-Tkachiev,V/Cannes 2001}) 10. cxd4 Bf5 11. Nc3 (11. Qb3 Nc6 12.
Qxb7 Nxd4 13. Bxe4 dxe4 14. Nxd4 Qxd4 15. Qxe7 Rfe8 16. Qh4 h6 $132 {Rychagov,
A-Fedorov,A/Vilnius 1997}) 11... Nc6 $2 ({White's chances are clearly better
after} 11... Nxc3 12. bxc3 Bxd3 13. Qxd3 Nc6 14. h4 $14 {[%cal Gh4h5,Gf3g5,
Gd3h3,Gh5g6] as he's got a clear plan to attack on the kingside while Black's
prospects on the queenside are less obvious, but there was no reason to give
up a central pawn.}) 12. Nxe4 dxe4 13. Bxe4 Bxe4 14. Rxe4 Qd5 15. Qe2 $16 f6 (
15... f5 16. Rh4 {[%cal Gc1h6,Gf3g5]}) 16. b3 $1 {Of course White refuses to
take on f6.} fxe5 17. dxe5 Rad8 18. Bb2 Rf5 19. b4 {[%cal Gb4b5,Ge4d4] White
is just a pawn up, so for a player of Aronian's caliber the rest is a matter
of technique.} a6 20. a4 Qd3 {Black is forced to initiate a trade of queens as
white was threatening to play 21.b5 followed by Rd4.} (20... b5 21. axb5 axb5
22. Rc1 $18) 21. Qxd3 Rxd3 22. b5 Nd8 23. bxa6 bxa6 24. Rc1 {[%csl Ra6,Re7]}
Rf8 25. Rc7 Rb3 26. Bc1 Rb1 (26... Rb7 27. Rxb7 Nxb7 28. Ba3 Re8 29. Rc4 $18)
27. Kh2 Re8 28. Rc8 Rf8 29. Be3 1-0

[Event "RUS-Cup03 Geller Memorial"]
[Site "Moscow"]
[Date "1999.02.14"]
[Round "5"]
[White "Ivanov, Victor L"]
[Black "Chekhov, Valery A"]
[Result "1-0"]
[WhiteElo "2427"]
[BlackElo "2511"]
[Annotator "Finkel,A"]
[PlyCount "61"]
[EventDate "1999.02.10"]
[EventType "swiss"]
[EventRounds "9"]
[EventCountry "RUS"]
[SourceTitle "CBM 070"]
[Source "ChessBase"]
[SourceDate "1999.06.08"]
[SourceVersion "1"]
[SourceVersionDate "1999.06.08"]
[SourceQuality "1"]

1. e4 d6 2. d4 Nf6 3. Nc3 c6 4. f4 Qa5 5. Bd3 e5 6. Nf3 Nbd7 7. O-O Be7 8. Be3
(8. Kh1 O-O 9. Be3 (9. Qe1 Qc7 (9... Re8 10. dxe5 (10. Bd2 Qc7 11. dxe5 dxe5
12. Bc4 b5 13. Bb3 b4 14. fxe5 Nxe5 15. Nxe5 Qxe5 16. Bf4 Qh5 $132 {Hausner,
I-Blatny,P/Lazne Bohdanec 1994 (32)}) 10... dxe5 11. f5 $5 Bb4 12. Bd2 Qc7 13.
a3 Bf8 14. Bc4 b5 15. Ba2 $36 {Barbero,G-Werner,I/Lenk op 1994 (34)}) 10. dxe5
dxe5 11. fxe5 Nxe5 12. Nxe5 Qxe5 13. Bf4 Qh5 14. e5 Nd5 15. Nxd5 cxd5 16. Qd2
Bg4 $11 {Simacek,P-Timchenko,V/Horni Becva op 1993}) 9... Qc7 10. Qe2 b5 11. a3
a6 12. Rad1 Re8 13. fxe5 $6 dxe5 14. dxe5 Nxe5 15. Nxe5 Qxe5 $13 {Fierz,
M-Blatny,P/Bad Ragaz op 1994}) 8... O-O 9. Qe1 Bd8 ({Another possibilty is} 
9... Qc7 10. Ne2 exd4 11. Nfxd4 Nc5 12. Ng3 Re8 13. b4 Nxd3 14. cxd3 Ng4 15.
Ndf5 Nxe3 16. Nxe7+ Rxe7 17. Qxe3 $14 {with better chanses for white;Dyce,
A-Rufener,M/EU-chJM U16 1995 (33)}) 10. Kh1 ({Interesting idea was transfered
in the next game:} 10. h3 $5 Bb6 $2 11. a3 $5 {[%csl Ra5]} exf4 12. e5 $1 Bd8
13. b4 Qb6 14. exf6 fxe3 15. Bxh7+ $16 {with winning position for white;Thiel,
T-Tseitlin,M/Krumbach op 1991 (23)}) 10... Re8 11. a3 $5 exd4 12. b4 (12. Bxd4
$5) 12... Qh5 13. Nxd4 Nf8 (13... Ng4 14. Bg1 Bf6 15. Qg3 Bh4 16. Qf3 Bf6 17.
h3 Nf8 18. Rad1 $14) 14. Nce2 Ng4 15. Bg1 g6 16. Qd2 Ne6 $2 17. Nf5 $1 $36 {
From now on white plays very energetically using lack of coordination between
black pieces placed mostly on the 8th rank!} gxf5 (17... Bc7 18. Neg3 $18 {
[%csl Rh5]}) 18. Ng3 Qh6 19. Nxf5 Qf8 20. Be2 Nf6 ({White quiet easily wins
also after} 20... Nh6 21. Nxd6 Re7 22. Nxc8 Rxc8 23. f5 Nc7 24. Qg5+ $18) 21.
Nxd6 Re7 22. e5 Ne8 23. f5 N6c7 24. Bd4 $16 {Black simply can't move and the
finish is quiet close.} Rd7 25. Rf3 f6 (25... Ng7 26. Qh6 $1 {[%cal Gf3h3]}
Nge6 27. Rg3+ Bg5 28. Rxg5+ Nxg5 29. Qxg5+ Qg7 30. Qxg7+ Kxg7 31. e6+ $18) 26.
Bc4+ Kh8 27. Rg3 Rg7 (27... Nxd6 28. Qh6 $3 {[%csl Rg8]} Rg7 $8 29. exf6 Bxf6
30. Bxf6 Nxf5 31. Bxg7+ Nxg7 32. Rf1 $18) 28. Rxg7 Kxg7 29. Nf7 $1 Be7 30. Qh6+
Kg8 31. Ng5+ 1-0

[Event "EU-Cup 21st"]
[Site "Saint Vincent"]
[Date "2005.09.23"]
[Round "6.4"]
[White "Tkachiev, Vladislav"]
[Black "Gagunashvili, Merab"]
[Result "1-0"]
[WhiteElo "2625"]
[BlackElo "2540"]
[Annotator "Finkel,A"]
[PlyCount "65"]
[EventDate "2005.09.18"]
[EventType "team-swiss"]
[EventRounds "7"]
[EventCountry "ITA"]
[SourceTitle "CBM 110"]
[Source "ChessBase"]
[SourceDate "2006.01.31"]
[SourceVersion "1"]
[SourceVersionDate "2006.01.31"]
[SourceQuality "1"]
[WhiteTeam "Tomsk 400"]
[BlackTeam "Tbilisi"]
[WhiteTeamCountry "RUS"]
[BlackTeamCountry "GEO"]

1. e4 d6 2. d4 Nf6 3. Nc3 g6 4. Be3 e5 $6 5. dxe5 Ng4 (5... dxe5 6. Qxd8+ Kxd8
7. Nf3 Ng4 $6 8. Bg5+ f6 9. h3 fxg5 10. hxg4 $16 {[%csl Re5,Rg5] Bannik,
A-Levin,N/Kiev 1964}) 6. Bf4 Nxe5 {The endgame arising after} (6... dxe5 7.
Qxd8+ Kxd8 8. Bg3 Nd7 9. Bc4 f6 10. h3 Nh6 11. f4 {is better for White, but
Black's position is pretty solid.} Bd6 12. Nge2 Nb6 13. Bb3 Ke7 14. fxe5 Bxe5
15. Bxe5 fxe5 16. Nc1 $14 {Sokolov,A-Milovanovic,R/Ulcinj 1998}) 7. Qd2 Bg7 8.
Bh6 $1 {White has a clear (and I should add quite typical) plan of attack on
the kingside. Black's counterplay on the queenside is of no danger, that's why
we witnessed very one-sided encounter in which White made all the natural
moves and won very easily!} Bxh6 (8... O-O 9. O-O-O Nbc6 10. h4 f5 11. Bxg7
Kxg7 12. f4 $40) 9. Qxh6 Ng4 10. Qd2 O-O 11. O-O-O Nc6 12. f3 Nf6 (12... Nge5)
13. g4 Be6 14. Nge2 {A defensive attempt involving} Ne5 (14... h5 {was hardly
any better as after} 15. gxh5 Nxh5 16. Rg1 $40 {[%cal Gf3f5] White's play on
the g-file is very dangerous.}) 15. Nd4 Qe7 16. g5 Nh5 17. f4 Nc4 18. Qf2 $1
$16 {[%cal Gh2h4,Gf4f5]} Nb6 19. Be2 Ng7 20. h4 f6 21. Rdg1 c5 22. Nxe6 Qxe6
23. h5 $18 {All of White pieces take part in the attack on a poor black
monarch!} fxg5 (23... f5 24. exf5 Nxf5 25. hxg6 hxg6 26. Qh2 Kf7 27. Qh7+ Ke8
28. Bb5+ Kd8 29. Re1 $18) 24. Rxg5 Qf6 25. Rg4 {[%csl Gf4] The pawn on f4 is
far too important.} Rae8 (25... gxh5 26. Rxh5 Kh8 27. Rhh4) 26. hxg6 h5 27.
Rgh4 Qd4 (27... Qxg6 28. Bxh5 Nxh5 29. Rxh5 $18) 28. Qf3 Re6 29. Rd1 Qf6 30.
Qh1 Qxg6 31. Bxh5 Qg3 32. Rd3 Qf2 33. Nd1 1-0

[Event "BCF-ch 89th"]
[Site "Torquay"]
[Date "2002.08.06"]
[Round "8"]
[White "Kunte, Abhijit"]
[Black "Speelman, Jonathan S"]
[Result "1/2-1/2"]
[WhiteElo "2477"]
[BlackElo "2583"]
[Annotator "Finkel,A"]
[PlyCount "80"]
[EventDate "2002.07.29"]
[EventType "swiss"]
[EventRounds "11"]
[EventCountry "ENG"]
[SourceTitle "CBM 091"]
[Source "ChessBase"]
[SourceDate "2002.11.12"]
[SourceVersion "1"]
[SourceVersionDate "2002.11.12"]
[SourceQuality "1"]

1. e4 g6 2. d4 Bg7 3. Nc3 d6 4. Be3 a6 5. h4 Nf6 6. f3 Nc6 $5 {Provoking white
to play d5.} (6... b5 7. g4 (7. Qd2 h6 (7... Bb7 8. O-O-O h5 9. Nh3 Nbd7 10.
Kb1 Rc8 11. Qe1 e5 12. d5 c6 13. dxc6 Rxc6 $132 {Anand,V-Davies,N/Moscow 1987})
(7... Nbd7 8. O-O-O Bb7 9. Bh6 Bxh6 10. Qxh6 e5 11. d5 Qe7 12. g4 b4 13. Nce2
Nc5 14. Ng3 Rc8 15. Qd2 $14 {Ivanov,A-Burnett,R/New York 2000}) 8. O-O-O Nbd7
9. g4 Nb6 10. b3 c6 11. Bh3 a5 12. g5 hxg5 13. hxg5 Nfd7 14. Bxd7+ Qxd7 15.
Nge2 Rg8 $132 {Ivanov,A-Seirawan,Y/USA-ch 1989}) 7... h5 8. e5 Nfd7 9. gxh5
Rxh5 10. e6 fxe6 11. Bd3 Nf8 12. f4 Rh8 13. Qg4 Bb7 14. Rh3 Bf6 15. O-O-O $36 {
Short,N-Seirawan,Y/Luzern 1989}) 7. Qd2 (7. g4 e5 (7... h5 8. gxh5 Nxh5 9. Nge2
e5 10. d5 Ne7 11. Qd2 Bd7 12. O-O-O Ng8 13. Kb1 Qe7 14. Bg5 f6 15. Be3 f5 16.
Bg5 Ngf6 17. Bh3 $14 {Short,N-Azmaiparashvili,Z/Cap d`Agde 1996}) 8. d5 Nd4 9.
Bxd4 exd4 10. Qxd4 O-O 11. Qd2 Nd7 12. O-O-O b5 13. Nce2 Nc5 $44 {Ivanov,
A-Czerniecki,K/Chicago 1991}) 7... e5 8. d5 (8. Nge2 exd4 9. Nxd4 Nxd4 10. Bxd4
O-O 11. O-O-O Be6 12. h5 b5 13. Nd5 Bxd5 14. exd5 Re8 15. g4 Qe7 $13 {Georgiev,
K-Popchev,M/Albena 1985}) 8... Nd4 9. Nce2 $5 {Nothing promised} (9. Nge2 Nxe2
10. Bxe2 Nh5 11. g4 Ng3 12. Rh2 Nxe2 13. Qxe2 h5 $13 {with unclear position.})
9... Nxe2 10. Nxe2 Bd7 11. O-O-O Qe7 12. Qb4 {Forcing black to weaken the
queenside.} (12. g4 h5 13. g5 Nh7 14. Bh3 Bxh3 15. Rxh3 O-O $13) 12... b6 13.
Qc3 Ra7 14. Qd2 (14. g4 h5 15. g5 Nh7 16. f4 O-O 17. fxe5 Bxe5 18. Nd4 f6 19.
Qd2 $13) 14... h5 15. Bg5 (15. g3 Nh7 16. Kb1 O-O 17. Bh3 f5 $132) 15... Qf8
16. g3 Bh6 17. Bh3 Bxh3 18. Rxh3 Nd7 19. g4 Bxg5 20. Qxg5 hxg4 21. fxg4 Qe7 {
After exchange of the queens black is out of danger.} (21... Qh6 22. Qxh6 Rxh6
23. g5 Rh7 24. Rdh1 Ke7 25. h5 Rxh5 26. Rxh5 gxh5 27. Ng3 $14) 22. Qxe7+ Kxe7 {
[%cal Gd7f6]} 23. g5 Raa8 24. Kd2 Rh7 25. Ng1 Nc5 26. Ke3 a5 27. Nf3 Rf8 28. h5
$1 Rxh5 29. Rxh5 gxh5 30. Rh1 Rh8 31. Nh4 Nd7 (31... Rh7 $5 32. Nf5+ Kf8 33.
Rh4 Nd7 34. Kf3 (34. Ng3 $2 Kg7 35. Rxh5 Rxh5 36. Nxh5+ Kg6 $17) 34... Kg8 35.
Ng3 Kg7 36. Rxh5 Rxh5 37. Nxh5+ Kg6 38. Kg4 $11) 32. g6 $5 Kf6 (32... Rg8 33.
g7 Kf6 34. Nf5 Kg5 35. Rg1+ Kf6 $11) 33. Rf1+ Kg5 34. g7 {White is satisfied
with a draw, while very serious attention deserved brave} (34. Rxf7 $5 Kxh4 (
34... Nf6 35. g7 Rg8 36. Nf5 h4 37. Ne7 Ng4+ 38. Kf3 Nh6 39. Nxg8 Nxf7 40. Ne7
$18) 35. Rxd7 Rg8 36. g7 Kg3 37. Rxc7 h4 38. Rd7 h3 39. Rxd6 Rxg7 40. Rxb6 h2
41. Rh6 Kg2 42. Rxh2+ Kxh2 43. c4 Kh3 (43... Rg3+ 44. Kd2 Rg2+ 45. Kc3 Rg3+ 46.
Kc2 Rg2+ 47. Kb3 Kg3 48. c5 Kf4 49. c6 Kxe4 50. c7 Rg8 51. d6 $18) 44. c5 Kh4
45. d6 Kg5 46. c6 Kf6 47. c7 $18) 34... Rg8 35. Nf5 Nf6 36. Rg1+ Ng4+ 37. Kf3
Kf6 38. Rh1 Kg5 39. Rg1 Kf6 40. Rh1 Kg5 1/2-1/2

[Event "Bundesliga 0506"]
[Site "Germany"]
[Date "2006.03.12"]
[Round "13.4"]
[White "Naumann, Alexander"]
[Black "Schoeneberg, Manfred"]
[Result "1-0"]
[WhiteElo "2534"]
[BlackElo "2322"]
[Annotator "Finkel,A"]
[PlyCount "63"]
[EventDate "2005.10.21"]
[EventType "team-tourn"]
[EventRounds "15"]
[EventCountry "GER"]
[SourceTitle "CBM 112"]
[Source "ChessBase"]
[SourceDate "2006.06.07"]
[SourceVersion "1"]
[SourceVersionDate "2006.06.07"]
[SourceQuality "1"]
[WhiteTeam "Solingen"]
[BlackTeam "Leipzig Gohlis"]
[WhiteTeamCountry "GER"]
[BlackTeamCountry "GER"]

1. e4 d6 2. d4 Nf6 3. Nc3 e5 4. dxe5 dxe5 5. Qxd8+ Kxd8 6. Bg5 c6 ({Much more
popular is} 6... Be6) 7. O-O-O+ Ke8 8. f4 {I doubt that this move is
sufficient for advantage in this line.} Nbd7 (8... Be7 9. f5 h6 10. Bxf6 Bxf6
11. Nf3 Nd7 12. g4 Bg5+ 13. Kb1 Ke7 14. h4 Bf4 15. Bh3 f6 16. h5 Bg5 17. a4 a5
$15 {Gross,S-Pribyl,J/Decin 1996}) 9. fxe5 Ng4 10. e6 fxe6 11. Nh3 Bb4 $6 ({
Black didn't face any problems after} 11... Be7 12. Bxe7 Kxe7 13. Be2 Nde5 14.
Bxg4 Nxg4 15. Rde1 Bd7 $11 {Medvedev,A-Fominykh,M/Dagomys 2004}) 12. Be2 Nge5
$2 {A serious mistake after which Black seems to be in troubles.} ({It was
necessary to play} 12... Ngf6) 13. Nf4 Nf6 (13... Bxc3 $6 14. bxc3 Nf6 15. Nh5
Ned7 16. Rhf1 $16) 14. Nh5 $1 $16 {[%cal Gd1d8] Suddenly Black finds himself
under severe pressure.} Kf7 15. Rhf1 Be7 16. Bf4 Ng6 (16... Ned7 {was not
better:} 17. e5 Nxh5 18. Bxh5+ g6 19. Bg4 $18) 17. e5 Nxh5 18. Bxh5 Rf8 19. Ne4
({Very similar to the game is} 19. Bg5+ Ke8 20. Bxe7 Rxf1 21. Rxf1 Kxe7 22.
Bxg6 hxg6 23. Ne4 $16) 19... Kg8 $6 (19... Ke8 $142 {It was more persistent to
keep the king in the centre in order to protect the pawn on e6.}) 20. Bxg6 hxg6
21. Bg5 Bxg5+ (21... Rxf1 22. Rxf1 Bf8 23. Rd1 b6 24. Rd8 Bb7 25. Rd7 Ba6 $16)
22. Nxg5 Rxf1 23. Rxf1 {[%csl Ra8,Rc8,Rg8] Despite of the material balance the
endgame is very difficult for Black as his pieces are far too passive.} b6 24.
Rd1 Ba6 25. Nxe6 Bc4 (25... Re8 $2 26. Nc7) 26. Ng5 Bd5 27. b3 b5 28. Rd4 Rf8
$6 {Giving up the fight.} (28... Kf8 29. c4 bxc4 30. bxc4 Bg8 (30... Bxg2 31.
Rg4 $18) 31. e6 Ke7 32. h4 $16) 29. c4 bxc4 30. bxc4 Bxg2 31. e6 c5 32. Rd2 1-0